[Event "Claidheamhmor op"]
[Site "Winnipeg CAN"]
[Date "1996.12.14"]
[Round "3"]
[White "Sekhar, Ganesan"]
[Black "Roque, Rudy"]
[Result "0-1"]
[WhiteElo "1948"]
[BlackElo "1834"]
[PlyCount "112"]
[EventDate "1996.12.14"]
[EventType "swiss"]
[EventRounds "5"]
[EventCountry "CAN"]
[Source "ChessBase"]
[SourceDate "2000.11.22"]

1. e4 d6 2. d4 Nd7 3. Be3 Ngf6 4. Bd3 e5 5. c3 Be7 6. Ne2 c6 7. Ng3 Nf8 8. O-O
h5 9. f3 Ng6 10. Nd2 Nf4 11. Bxf4 exf4 12. Ne2 g5 13. Qc2 Qc7 14. Rae1 Be6 15.
Bc4 O-O-O 16. b4 d5 17. Bd3 Rdg8 18. e5 Nd7 19. a4 Rh6 20. Rb1 Rgh8 21. Nb3 f6
22. exf6 Rxf6 23. Nc5 Bxc5 24. dxc5 Ne5 25. Nd4 Nxd3 26. Qxd3 Bf7 27. Rbe1 g4
28. Rf2 Bg6 29. Qd1 gxf3 30. Qxf3 Be4 31. Rxe4 dxe4 32. Qxe4 Qf7 33. Re2 h4 34.
Nf3 Rg8 35. Ne5 Qg7 36. Qf3 Kc7 37. Rd2 Rd8 38. Rxd8 Kxd8 39. Nc4 Qe7 40. Kf2
Qe6 41. Qd3+ Kc7 42. Nd6 Rg6 43. c4 Qe3+ 44. Qxe3 fxe3+ 45. Kxe3 Rxg2 46. Kf3
Rxh2 47. Kg4 Rh1 48. Nf5 Rc1 49. Nd6 Rd1 50. Kxh4 Rxd6 51. cxd6+ Kxd6 52. Kg4
c5 53. b5 Ke5 54. a5 Kd4 55. b6 axb6 56. axb6 Kxc4 0-1

[Event "Claidheamhmor op"]
[Site "Winnipeg CAN"]
[Date "1996.12.14"]
[Round "3"]
[White "Senecal, Jean-Pierre"]
[Black "Wierda, John"]
[Result "1-0"]
[WhiteElo "1817"]
[BlackElo "1717"]
[PlyCount "113"]
[EventDate "1996.12.14"]
[EventType "swiss"]
[EventRounds "5"]
[EventCountry "CAN"]
[Source "ChessBase"]
[SourceDate "2000.11.22"]

1. e4 e6 2. d4 d5 3. Nd2 Nf6 4. e5 Nfd7 5. Bd3 c5 6. c3 Nc6 7. Ndf3 Qc7 8. Ne2
cxd4 9. cxd4 Nb4 10. Bb1 b6 11. O-O Ba6 12. a3 Nc6 13. Bd3 Bxd3 14. Qxd3 Be7
15. Rd1 f6 16. Nf4 Kf7 17. exf6 Nxf6 18. Ng5+ Kg8 19. Ngxe6 Qd7 20. f3 Bd6 21.
Be3 Re8 22. Ng5 h6 23. Ngh3 g5 24. Ne2 Rh7 25. Nf2 Rg7 26. Ng4 Nxg4 27. fxg4
Qxg4 28. Nc3 Qe6 29. Bf2 Bf4 30. Re1 Qd7 31. Rxe8+ Qxe8 32. Nxd5 Qg6 33. Qf3
Bd6 34. b4 Rf7 35. Qg4 Bxh2+ 36. Kxh2 Rxf2 37. Re1 Qd6+ 38. Kg1 Rf8 39. Qe4 Rd8
40. b5 Nxd4 41. Ne7+ Kg7 42. Nc6 Nxc6 43. bxc6 Qd4+ 44. Qxd4+ Rxd4 45. Re7+ Kg6
46. Rxa7 Rc4 47. c7 h5 48. Rb7 Kf5 49. a4 g4 50. g3 Ke4 51. Rxb6 Rxc7 52. Rf6
Ra7 53. Kf2 Ra5 54. Ke2 Ke5 55. Rf4 h4 56. Rxg4 hxg3 57. Rg5+ 1-0

[Event "Claidheamhmor op"]
[Site "Winnipeg CAN"]
[Date "1996.12.15"]
[Round "4"]
[White "Avena, Danny"]
[Black "Senecal, Jean-Pierre"]
[Result "1/2-1/2"]
[WhiteElo "1703"]
[BlackElo "1817"]
[PlyCount "103"]
[EventDate "1996.12.14"]
[EventType "swiss"]
[EventRounds "5"]
[EventCountry "CAN"]
[Source "ChessBase"]
[SourceDate "2000.11.22"]

1. d4 Nf6 2. c4 e6 3. Nf3 d5 4. Bg5 c6 5. e3 Qa5+ 6. Nbd2 Ne4 7. Bh4 Bb4 8. a3
Nxd2 9. Nxd2 Bd6 10. b4 Qc7 11. Bd3 O-O 12. Nf3 f6 13. c5 Be7 14. Bg3 Qd8 15.
Qc2 f5 16. Ne5 Bf6 17. h4 Nd7 18. Nxd7 Bxd7 19. Bd6 Rf7 20. h5 a5 21. Ra2 Ra7
22. Qa4 Qe8 23. f4 Ra8 24. Qc2 Qd8 25. g4 Be7 26. g5 Bxd6 27. g6 Rf6 28. gxh7+
Kxh7 29. cxd6 Rh6 30. Qg2 Be8 31. Rg1 Qh4+ 32. Kf1 Qf6 33. Qb2 Bxh5 34. bxa5
Qf7 35. Qb6 Bg4 36. a6 bxa6 37. Rxg4 Rh1+ 38. Rg1 Qh5 39. Re2 Qf3+ 40. Ke1
Rxg1+ 41. Kd2 Rg2 42. Qxc6 Rb8 43. Qc1 Kg8 44. d7 Kf7 45. Bxa6 Ke7 46. Qc5+ Kf6
47. Bb5 Rxe2+ 48. Bxe2 Rb2+ 49. Kc1 Qxe2 50. d8=Q+ Kg6 51. Qg5+ Kh7 52. Qh4+
1/2-1/2

[Event "Claidheamhmor op"]
[Site "Winnipeg CAN"]
[Date "1996.12.15"]
[Round "4"]
[White "Gannon, Keith"]
[Black "Sekhar, Ganesan"]
[Result "0-1"]
[WhiteElo "1644"]
[BlackElo "1948"]
[PlyCount "70"]
[EventDate "1996.12.14"]
[EventType "swiss"]
[EventRounds "5"]
[EventCountry "CAN"]
[Source "ChessBase"]
[SourceDate "2000.11.22"]

1. e4 e5 2. Nf3 Nc6 3. d4 exd4 4. Nxd4 Be7 5. Nxc6 bxc6 6. Nc3 Nf6 7. e5 Nd5 8.
Nxd5 cxd5 9. Qxd5 c6 10. Qd1 Qa5+ 11. c3 Qxe5+ 12. Qe2 Qf6 13. Be3 O-O 14.
O-O-O d5 15. Bd4 Qf4+ 16. Qe3 Bg5 17. Qxf4 Bxf4+ 18. Kb1 Bg4 19. f3 Be6 20. Bd3
Bd6 21. b4 a5 22. a3 Rfb8 23. Rd2 c5 24. Bf2 axb4 25. axb4 cxb4 26. c4 Be5 27.
Ra2 dxc4 28. Re1 Rxa2 29. Kxa2 cxd3+ 30. Kb1 d2 31. Rd1 Bf5+ 32. Ka2 b3+ 33.
Ka3 b2 34. Ka2 b1=Q+ 35. Rxb1 Bxb1+ 0-1

[Event "Claidheamhmor op"]
[Site "Winnipeg CAN"]
[Date "1996.12.15"]
[Round "4"]
[White "Kim, Phillip"]
[Black "Hanrahan, Nigel"]
[Result "1-0"]
[WhiteElo "2044"]
[BlackElo "1735"]
[PlyCount "49"]
[EventDate "1996.12.14"]
[EventType "swiss"]
[EventRounds "5"]
[EventCountry "CAN"]
[Source "ChessBase"]
[SourceDate "2000.11.22"]

1. e4 c5 2. Nf3 Nc6 3. d4 cxd4 4. Nxd4 Nf6 5. Nc3 d6 6. Bg5 e6 7. Qd2 Be7 8.
O-O-O Nxd4 9. Qxd4 a6 10. f4 Kf8 11. e5 Ne8 12. Bxe7+ Kxe7 13. Qb4 f5 14. g4 a5
15. Qa3 g6 16. exd6+ Kf7 17. d7 Bxd7 18. Bb5 Nf6 19. g5 Nd5 20. Qa4 Nxc3 21.
bxc3 Bxb5 22. Qxb5 Qc8 23. Rd7+ Kg8 24. Rhd1 h6 25. Qb6 1-0

[Event "Claidheamhmor op"]
[Site "Winnipeg CAN"]
[Date "1996.12.15"]
[Round "4"]
[White "Roque, Rudy"]
[Black "Bollenbach, Brad"]
[Result "1-0"]
[WhiteElo "1834"]
[BlackElo "2077"]
[PlyCount "41"]
[EventDate "1996.12.14"]
[EventType "swiss"]
[EventRounds "5"]
[EventCountry "CAN"]
[Source "ChessBase"]
[SourceDate "2000.11.22"]

1. d4 Nf6 2. d5 c5 3. c4 e6 4. Nc3 d6 5. e4 e5 6. Be2 Na6 7. a3 Bd7 8. f4 Nc7
9. Nf3 Qe7 10. O-O Rb8 11. Kh1 b5 12. fxe5 dxe5 13. Nxe5 Qxe5 14. Bf4 Qd4 15.
Bxc7 Qxd1 16. Raxd1 Rb7 17. d6 bxc4 18. Bxc4 Be6 19. Bxe6 fxe6 20. Rxf6 Bxd6
21. Rxe6+ 1-0

[Event "Claidheamhmor op"]
[Site "Winnipeg CAN"]
[Date "1996.12.15"]
[Round "5"]
[White "Agusti, Marcos"]
[Black "Senecal, Jean-Pierre"]
[Result "1/2-1/2"]
[WhiteElo "1674"]
[BlackElo "1817"]
[PlyCount "118"]
[EventDate "1996.12.14"]
[EventType "swiss"]
[EventRounds "5"]
[EventCountry "CAN"]
[Source "ChessBase"]
[SourceDate "2000.11.22"]

1. d4 Nf6 2. c4 e6 3. Nf3 d5 4. g3 c6 5. c5 Nbd7 6. Bg2 Be7 7. e3 O-O 8. a3 a5
9. O-O b6 10. cxb6 Qxb6 11. Nc3 Qc7 12. Qc2 Ba6 13. Re1 c5 14. Bd2 Rfc8 15.
Rac1 Qb7 16. Ne5 h6 17. Nf3 Rab8 18. Rb1 Bc4 19. Ne5 Qa6 20. Nxc4 dxc4 21. d5
e5 22. f4 Bd6 23. e4 Rb3 24. f5 Rcb8 25. a4 R8b4 26. Nb5 Rxa4 27. Nxd6 Qxd6 28.
Ra1 Nb6 29. Bc3 Rxa1 30. Rxa1 a4 31. Ba5 Nfd7 32. Bf1 Rb5 33. Bd2 Nf6 34. Ra2
Rb3 35. Bxc4 Nxc4 36. Qxc4 Qb6 37. Bc3 Ng4 38. Qe2 h5 39. h3 c4+ 40. Kg2 Qe3
41. Qf3 Qxf3+ 42. Kxf3 Nf6 43. Rxa4 Ne8 44. Rxc4 Nd6 45. Rb4 Rxb4 46. Bxb4 Nc4
47. b3 Nb6 48. Bc5 Nd7 49. b4 f6 50. Bd6 Kf7 51. b5 Ke8 52. b6 Nxb6 53. Bc7 Nc4
54. Ke2 Kd7 55. d6 Nxd6 56. Bxd6 Kxd6 57. Kd3 Kc6 58. Kc3 Kb5 59. Kb3 Kc5
1/2-1/2

[Event "Claidheamhmor op"]
[Site "Winnipeg CAN"]
[Date "1996.12.15"]
[Round "5"]
[White "Bollenbach, Brad"]
[Black "Sekhar, Ganesan"]
[Result "1-0"]
[WhiteElo "2077"]
[BlackElo "1948"]
[PlyCount "43"]
[EventDate "1996.12.14"]
[EventType "swiss"]
[EventRounds "5"]
[EventCountry "CAN"]
[Source "ChessBase"]
[SourceDate "2000.11.22"]

1. e4 e5 2. Nf3 Nc6 3. Bb5 Nge7 4. d4 exd4 5. Nxd4 g6 6. O-O Bg7 7. Be3 O-O 8.
Nc3 a6 9. Ba4 Ne5 10. Bb3 c5 11. Nf3 c4 12. Nxe5 cxb3 13. Nf3 bxa2 14. Bd4 Bh6
15. Bf6 Bg7 16. Nd5 Bxf6 17. Nxf6+ Kg7 18. Qd4 Nf5 19. Nh5+ Kh6 20. exf5 gxh5
21. f6 d6 22. Qf4+ 1-0

[Event "Claidheamhmor op"]
[Site "Winnipeg CAN"]
[Date "1996.12.15"]
[Round "5"]
[White "Gannon, Keith"]
[Black "Trueman, Francis"]
[Result "1-0"]
[WhiteElo "1644"]
[BlackElo "1489"]
[PlyCount "67"]
[EventDate "1996.12.14"]
[EventType "swiss"]
[EventRounds "5"]
[EventCountry "CAN"]
[Source "ChessBase"]
[SourceDate "2000.11.22"]

1. e4 c6 2. Nf3 d5 3. exd5 cxd5 4. d4 Nf6 5. Nc3 Nbd7 6. Be2 g6 7. O-O Bg7 8.
Re1 O-O 9. Be3 Re8 10. Bb5 a6 11. Ba4 b5 12. Bb3 Nb6 13. a4 b4 14. Na2 a5 15.
c3 bxc3 16. Nxc3 Rb8 17. Bf4 Rb7 18. Be5 Bg4 19. h3 Bxf3 20. Qxf3 Nbd7 21. Nxd5
Nxe5 22. Nxf6+ Bxf6 23. dxe5 Rb6 24. exf6 Rxf6 25. Qc3 Qb6 26. Qe3 Qb4 27. Rad1
Re6 28. Bxe6 fxe6 29. Qxe6+ Kf8 30. b3 Kg7 31. Qc4 Qb6 32. Qd4+ Qxd4 33. Rxd4
Rb8 34. Rxe7+ 1-0

[Event "Claidheamhmor op"]
[Site "Winnipeg CAN"]
[Date "1996.12.15"]
[Round "5"]
[White "Hanrahan, Nigel"]
[Black "Herkert, Dean"]
[Result "0-1"]
[WhiteElo "1735"]
[BlackElo "1710"]
[PlyCount "102"]
[EventDate "1996.12.14"]
[EventType "swiss"]
[EventRounds "5"]
[EventCountry "CAN"]
[Source "ChessBase"]
[SourceDate "2000.11.22"]

1. e4 Nf6 2. Nc3 d5 3. exd5 Nxd5 4. Nxd5 Qxd5 5. Qf3 c6 6. Qxd5 cxd5 7. d4 Nc6
8. c3 Bf5 9. Nf3 h6 10. Bf4 e6 11. Rd1 Be7 12. Bd3 Bg4 13. Be2 a6 14. h3 Bh5
15. g4 Bg6 16. Bd3 b5 17. Bxg6 fxg6 18. Ne5 Nxe5 19. Bxe5 Bf6 20. Bxf6 gxf6 21.
f4 Kf7 22. Kf2 Rac8 23. Rc1 f5 24. gxf5 exf5 25. h4 Kf6 26. Rhg1 Rhe8 27. Rce1
Re4 28. Rxe4 dxe4 29. Rg3 a5 30. a3 b4 31. axb4 axb4 32. Re3 bxc3 33. bxc3 g5
34. hxg5+ hxg5 35. fxg5+ Kxg5 36. Rg3+ Kh4 37. Re3 Rc4 38. Kg2 Rc8 39. Kh2 Re8
40. Kg2 f4 41. Re1 f3+ 42. Kf2 Kg4 43. Ke3 Rf8 44. Kf2 Kf4 45. Rh1 e3+ 46. Ke1
Ke4 47. Kf1 Kd3 48. Rh2 e2+ 49. Ke1 f2+ 50. Rxf2 Rxf2 51. Kxf2 Kd2 0-1

[Event "Claidheamhmor op"]
[Site "Winnipeg CAN"]
[Date "1996.12.15"]
[Round "5"]
[White "Kim, Phillip"]
[Black "Roque, Rudy"]
[Result "1-0"]
[WhiteElo "2044"]
[BlackElo "1834"]
[PlyCount "55"]
[EventDate "1996.12.14"]
[EventType "swiss"]
[EventRounds "5"]
[EventCountry "CAN"]
[Source "ChessBase"]
[SourceDate "2000.11.22"]

1. e4 d6 2. d4 Nd7 3. Nf3 Ngf6 4. e5 Nd5 5. c4 N5b6 6. Ng5 e6 7. Qf3 Qe7 8.
exd6 cxd6 9. Bd3 Nf6 10. Nc3 h6 11. Nh3 Qd8 12. O-O g5 13. Qe2 Bd7 14. f4 g4
15. Nf2 h5 16. f5 Qc7 17. fxe6 fxe6 18. Bg6+ Kd8 19. Nd3 Be7 20. b3 Qc8 21. Ba3
h4 22. Rae1 Nxc4 23. bxc4 Qxc4 24. Bb2 d5 25. Nf4 Qxd4+ 26. Kh1 Qb6 27. Ncxd5
Qc6 28. Nxf6 1-0

[Event "Claidheamhmor op"]
[Site "Winnipeg CAN"]
[Date "1996.12.15"]
[Round "5"]
[White "Wierda, John"]
[Black "Avena, Danny"]
[Result "0-1"]
[WhiteElo "1725"]
[BlackElo "1715"]
[PlyCount "57"]
[EventDate "1996.12.14"]
[EventType "swiss"]
[EventRounds "5"]
[EventCountry "CAN"]
[Source "ChessBase"]
[SourceDate "2000.11.22"]

1. e4 e5 2. Nf3 Nc6 3. d4 exd4 4. Bc4 Nf6 5. e5 d5 6. exf6 dxc4 7. Bg5 gxf6 8.
Qe2+ Be6 9. Bh4 Be7 10. O-O Qd5 11. Rd1 O-O-O 12. Nc3 Qf5 13. Ne4 Qg6 14. Bg3
Bg4 15. Ned2 d3 16. cxd3 cxd3 17. Qe3 Rhe8 18. Qf4 Bd6 19. Qc4 Bxg3 20. hxg3
Ne5 21. Nxe5 fxe5 22. Rdc1 c6 23. b4 Be6 24. Qc3 Bd5 25. b5 Kb8 26. a4 Rc8 27.
Qb2 e4 28. Nc4 Bxc4 29. Rxc4 0-1

[Event "Concordia CC"]
[Site "Kitchener CAN"]
[Date "1996.08.29"]
[Round "1"]
[White "Knechtel, Tim"]
[Black "Kuehl, Scott"]
[Result "0-1"]
[WhiteElo "1956"]
[BlackElo "2058"]
[PlyCount "72"]
[EventDate "1996.08.29"]
[EventType "tourn"]
[EventRounds "6"]
[EventCountry "CAN"]

1. d4 Nf6 2. Bg5 b6 3. Nd2 Bb7 4. f3 d5 5. c3 Nbd7 6. e3 h6 7. Bh4 g5 8. Bg3 h5
9. h4 g4 10. Bd3 Bh6 11. Qe2 Rg8 12. Bf4 Bxf4 13. exf4 c5 14. fxg4 Nxg4 15. Nh3
Qc7 16. O-O Nf8 17. Rae1 Ng6 18. Bb5+ Bc6 19. Bxc6+ Qxc6 20. Nf3 Qf6 21. Qb5+
Kf8 22. Ne5 N6xe5 23. fxe5 Qxh4 24. e6 f6 25. Qd3 Rg7 26. Qf3 Rd8 27. dxc5 bxc5
28. Rd1 Ne5 29. Qe3 Nc4 30. Qh6 Kg8 31. Rf5 Qe4 32. Rf3 Ne5 33. Rf2 Ng4 34. Qf4
Nxf2 35. Kxf2 Rxg2+ 36. Kf1 Qe2# 0-1

[Event "Copping mem."]
[Site "Toronto CAN"]
[Date "1996.05.29"]
[Round "3"]
[White "Loo, Kent"]
[Black "Campbell, Brett"]
[Result "0-1"]
[WhiteElo "2275"]
[BlackElo "2279"]
[PlyCount "102"]
[EventDate "1996.05.15"]
[EventType "swiss"]
[EventRounds "6"]
[EventCountry "CAN"]

1. c4 e5 2. g3 Nc6 3. Bg2 f5 4. Nc3 Nf6 5. e3 Bc5 6. d3 d6 7. Nge2 O-O 8. O-O
a6 9. Nd5 g5 10. Bd2 Be6 11. d4 exd4 12. exd4 Bxd5 13. cxd5 Nxd4 14. Bxg5 Nxe2+
15. Qxe2 Qd7 16. Bxf6 Rxf6 17. Rae1 Raf8 18. Bh3 Qf7 19. Kg2 Qxd5+ 20. Qf3
Qxf3+ 21. Kxf3 f4 22. Be6+ Kg7 23. g4 Rh6 24. Rh1 Rh3+ 25. Kg2 Rd3 26. Rd1 Rxd1
27. Rxd1 Re8 28. Bc4 Re4 29. Bf1 c6 30. Kf3 d5 31. Bd3 Rb4 32. b3 h6 33. Bc2
Bd6 34. a3 Rb5 35. b4 a5 36. Bd3 Rb6 37. bxa5 Rb3 38. a4 Bc7 39. Ke2 Bxa5 40.
Bc2 f3+ 41. Kf1 Rb2 42. Bf5 Bb6 43. Rb1 Rxf2+ 44. Ke1 Re2+ 45. Kf1 Be3 46.
Rxb7+ Kf6 47. Rb3 Ke5 48. Bd3 Rd2 49. Ke1 Kd4 50. Ba6 c5 51. Rb1 c4 0-1

[Event "ECC August"]
[Site "Edmonton CAN"]
[Date "1996.08.08"]
[Round "1"]
[White "Berthomme, George"]
[Black "Ottosen, David"]
[Result "0-1"]
[WhiteElo "1363"]
[BlackElo "1991"]
[PlyCount "44"]
[EventDate "1996.08.08"]
[EventType "swiss"]
[EventRounds "4"]
[EventCountry "CAN"]

1. e4 c5 2. Bc4 e6 3. Nc3 a6 4. d3 b5 5. Bb3 Bb7 6. a3 Bd6 7. g3 Nc6 8. Be3 Rc8
9. Nh3 Nce7 10. d4 c4 11. Ba2 Bb8 12. f3 h5 13. O-O h4 14. f4 hxg3 15. hxg3
Rxh3 16. Kg2 Nf5 17. Bd2 Rxg3+ 18. Kf2 Qh4 19. Rh1 Rh3+ 20. Ke2 Nxd4+ 21. Kf1
Rxh1+ 22. Kg2 Qh2# 0-1

[Event "ECC August"]
[Site "Edmonton CAN"]
[Date "1996.08.15"]
[Round "2"]
[White "Ottosen, David"]
[Black "Hughey, Micah"]
[Result "0-1"]
[WhiteElo "1991"]
[BlackElo "1810"]
[PlyCount "40"]
[EventDate "1996.08.08"]
[EventType "swiss"]
[EventRounds "4"]
[EventCountry "CAN"]

1. e4 e5 2. Nc3 Nf6 3. f4 d5 4. fxe5 Nxe4 5. d3 Qh4+ 6. g3 Nxg3 7. Nf3 Qh5 8.
Rg1 Nxf1 9. Nxd5 Nxh2 10. Nxc7+ Kd8 11. Nxa8 Nxf3+ 12. Kf2 Bc5+ 13. Be3 Bxe3+
14. Kxe3 Bg4 15. Rxg4 Qxg4 16. Qxf3 Qxf3+ 17. Kxf3 Nc6 18. e6 fxe6 19. Rg1 g6
20. Rh1 Kc8 0-1

[Event "ECC August"]
[Site "Edmonton CAN"]
[Date "1996.08.22"]
[Round "3"]
[White "Newton, Geoff"]
[Black "Ottosen, David"]
[Result "0-1"]
[WhiteElo "2003"]
[BlackElo "1991"]
[PlyCount "144"]
[EventDate "1996.08.08"]
[EventType "swiss"]
[EventRounds "4"]
[EventCountry "CAN"]

1. e4 e5 2. f4 exf4 3. Nf3 d6 4. d3 g5 5. h4 g4 6. Nd4 Qf6 7. Ne2 f3 8. Nf4 Nc6
9. Nc3 Be6 10. Be3 f2+ 11. Kxf2 Bh6 12. g3 O-O-O 13. Bg2 Nge7 14. Rf1 Ne5 15.
Kg1 Rhg8 16. Qd2 Nf3+ 17. Bxf3 gxf3 18. Rxf3 Qxh4 19. Qg2 Qg4 20. Nce2 Nc6 21.
d4 d5 22. exd5 Rxd5 23. c4 Rdd8 24. Nxe6 Bxe3+ 25. Rxe3 fxe6 26. Qe4 Nxd4 27.
Nxd4 Rxd4 28. Qxg4 Rdxg4 29. Kg2 Rxc4 30. Rf1 Rc2+ 31. Rf2 Rxf2+ 32. Kxf2 Kd7
33. Rd3+ Ke7 34. Ra3 a6 35. Rb3 b6 36. Ra3 a5 37. Rc3 Kd6 38. Rd3+ Kc6 39. Rc3+
Kb7 40. Rf3 Rg7 41. Rf8 Re7 42. Ke2 Kc6 43. Ke3 Kc5 44. Rd8 e5 45. Ke4 c6 46.
Rf8 b5 47. Rf5 Kc4 48. g4 a4 49. g5 b4 50. Rf2 b3 51. a3 Rg7 52. Kxe5 Rxg5+ 53.
Ke4 Rg1 54. Ke3 Rc1 55. Rf4+ Kb5 56. Rb4+ Ka5 57. Rh4 Rc2 58. Rxh7 Rxb2 59.
Ra7+ Kb5 60. Rb7+ Ka6 61. Rb4 Ka5 62. Kd3 Rc2 63. Rb8 Rc1 64. Kd2 Ra1 65. Kc3
Rxa3 66. Kc4 Ra2 67. Ra8+ Kb6 68. Rb8+ Kc7 69. Rb4 b2 70. Kc3 a3 71. Kc2 Ra1
72. Rb3 Rc1+ 0-1

[Event "ECC August"]
[Site "Edmonton CAN"]
[Date "1996.08.29"]
[Round "4"]
[White "Ottosen, David"]
[Black "Dartana, Christiaan"]
[Result "1-0"]
[WhiteElo "1991"]
[BlackElo "2047"]
[PlyCount "85"]
[EventDate "1996.08.08"]
[EventType "swiss"]
[EventRounds "4"]
[EventCountry "CAN"]

1. e4 d5 2. exd5 Nf6 3. d4 Nxd5 4. c4 Nb6 5. Nc3 e5 6. dxe5 Qxd1+ 7. Nxd1 Nc6
8. Bf4 Be6 9. Ne3 Bb4+ 10. Ke2 Nd4+ 11. Kd3 O-O-O 12. Ke4 Nxc4 13. Bxc4 Bxc4
14. Nxc4 Ne6 15. Be3 b5 16. a3 Bc5 17. Na5 Bxe3 18. Kxe3 Nd4 19. Rc1 Rhe8 20.
Nf3 Nxf3 21. Kxf3 Rxe5 22. Nc6 Rd3+ 23. Kf4 Re2 24. Nxa7+ Kb7 25. Nxb5 g5+ 26.
Kg4 Re4+ 27. Kf5 Re7 28. Nc3 Rd2 29. Kf6 Re8 30. Kxf7 Re5 31. Kf6 Re8 32. Rhf1
Rxf2+ 33. Rxf2 Rf8+ 34. Kxg5 Rxf2 35. Rg1 Kc8 36. b4 Rc2 37. Na4 Rc6 38. Nc5
Rd6 39. g4 Rd5+ 40. Kh6 Rd2 41. h4 Ra2 42. Kxh7 Rxa3 43. h5 1-0

[Event "ECC December"]
[Site "Edmonton CAN"]
[Date "1996.12.05"]
[Round "1"]
[White "Ottosen, David"]
[Black "Vandenberg, Jan"]
[Result "1-0"]
[WhiteElo "2000"]
[BlackElo "1686"]
[PlyCount "35"]
[EventDate "1996.12.05"]
[EventType "swiss"]
[EventRounds "3"]
[EventCountry "CAN"]

1. e4 g6 2. Nc3 Bg7 3. d4 d6 4. Be3 Nf6 5. f3 b6 6. Bc4 Bb7 7. Qd2 Nc6 8. O-O-O
a6 9. Bh6 O-O 10. h4 Nh5 11. g4 Bxh6 12. Qxh6 Nf6 13. h5 gxh5 14. g5 d5 15.
gxf6 exf6 16. Rxh5 Re8 17. Nge2 dxc4 18. Rg1+ 1-0

[Event "ECC December"]
[Site "Edmonton CAN"]
[Date "1996.12.19"]
[Round "3"]
[White "Ottosen, David"]
[Black "Dartana, Christiaan"]
[Result "0-1"]
[WhiteElo "2000"]
[BlackElo "1986"]
[PlyCount "56"]
[EventDate "1996.12.05"]
[EventType "swiss"]
[EventRounds "3"]
[EventCountry "CAN"]

1. e4 d6 2. c4 g6 3. d4 Bg7 4. Nc3 Nf6 5. Nf3 O-O 6. Be2 e5 7. O-O Nc6 8. d5
Ne7 9. Ne1 Nd7 10. Be3 f5 11. f3 f4 12. Bf2 g5 13. g4 fxg3 14. hxg3 Ng6 15. b4
Nf6 16. Be3 Nh5 17. Kg2 Nhf4+ 18. gxf4 gxf4 19. Bf2 Qg5+ 20. Kh1 Qh5+ 21. Kg1
Bh3 22. Bg3 Bxf1 23. Bxf1 fxg3 24. Bg2 Qh2+ 25. Kf1 Bh6 26. Ne2 Nh4 27. Ng1
Nxg2 28. Nxg2 Be3 0-1

[Event "ECC Summer"]
[Site "Edmonton CAN"]
[Date "1996.07.04"]
[Round "1"]
[White "Anderson, Ashton"]
[Black "Ottosen, David"]
[Result "0-1"]
[WhiteElo "1391"]
[BlackElo "1939"]
[PlyCount "56"]
[EventDate "1996.07.04"]
[EventType "swiss"]
[EventRounds "5"]
[EventCountry "CAN"]

1. e4 c5 2. Nf3 d6 3. d4 cxd4 4. Nxd4 Nf6 5. Nc3 a6 6. Be2 e6 7. Bg5 Be7 8. O-O
O-O 9. Bd3 h6 10. Bh4 Nxe4 11. Bxe7 Nxc3 12. Qd2 Qxe7 13. Qxc3 Bd7 14. Rfe1 Nc6
15. Nf5 Qg5 16. Nxd6 Ne7 17. Be4 Qf4 18. Nxb7 Rab8 19. Rad1 Nd5 20. Bxd5 exd5
21. Nc5 Rfc8 22. Rxd5 Be6 23. Rd4 Qg5 24. Re5 Qxe5 25. Qd2 Rxc5 26. Rd8+ Rxd8
27. Qxd8+ Kh7 28. Qd3+ Bf5 0-1

[Event "ECC Summer"]
[Site "Edmonton CAN"]
[Date "1996.07.11"]
[Round "2"]
[White "Dartana, Christiaan"]
[Black "Ottosen, David"]
[Result "1-0"]
[WhiteElo "2095"]
[BlackElo "1939"]
[PlyCount "63"]
[EventDate "1996.07.04"]
[EventType "swiss"]
[EventRounds "5"]
[EventCountry "CAN"]

1. e4 c5 2. Nf3 Nc6 3. d4 cxd4 4. c3 dxc3 5. Nxc3 d6 6. Bc4 e6 7. O-O a6 8. Qe2
b5 9. Bb3 Ra7 10. Rd1 Rd7 11. Be3 Bb7 12. Rac1 Be7 13. Nd4 Nxd4 14. Bxd4 Nf6
15. e5 dxe5 16. Bxe5 O-O 17. h3 Nd5 18. Ne4 Bf6 19. Bxf6 Nxf6 20. Nxf6+ gxf6
21. Qh5 Be4 22. Qg4+ Bg6 23. Rxd7 Qxd7 24. Qf4 Qd8 25. Rc3 Kg7 26. h4 Qb8 27.
Qc1 Qe5 28. Rc5 Qd4 29. h5 Be4 30. Rc7 Kh8 31. Rc8 Rd8 32. Qe3 1-0

[Event "ECC Summer"]
[Site "Edmonton CAN"]
[Date "1996.07.18"]
[Round "3"]
[White "Schocat, Eric"]
[Black "Ottosen, David"]
[Result "0-1"]
[WhiteElo "1962"]
[BlackElo "1939"]
[PlyCount "60"]
[EventDate "1996.07.04"]
[EventType "swiss"]
[EventRounds "5"]
[EventCountry "CAN"]

1. d4 Nf6 2. c4 e6 3. Nf3 b6 4. g3 Ba6 5. Qc2 Nc6 6. Bg2 d5 7. cxd5 Qxd5 8. Nh4
Nxd4 9. Qa4+ Bb5 10. Bxd5 Bxa4 11. Bxa8 Nc2+ 12. Kf1 Nxa1 13. Nc3 Bd7 14. Bf4
Bd6 15. Bxd6 cxd6 16. Ne4 d5 17. Nxf6+ gxf6 18. Kg2 Nc2 19. Rc1 Nb4 20. Rc7 a5
21. a3 Ke7 22. Bb7 Kd6 23. Rxd7+ Kxd7 24. axb4 axb4 25. b3 b5 26. Nf3 Kc7 27.
Ba6 Kb6 28. Bxb5 Kxb5 29. Nd4+ Kc5 30. Nc2 Ra8 0-1

[Event "ECC Summer"]
[Site "Edmonton CAN"]
[Date "1996.07.25"]
[Round "4"]
[White "Ottosen, David"]
[Black "Hughey, Micah"]
[Result "1-0"]
[WhiteElo "1939"]
[BlackElo "1847"]
[PlyCount "87"]
[EventDate "1996.07.04"]
[EventType "swiss"]
[EventRounds "5"]
[EventCountry "CAN"]

1. e4 e5 2. Nf3 Nc6 3. Bb5 a6 4. Ba4 Nf6 5. O-O Be7 6. Re1 b5 7. Bb3 O-O 8. c3
d5 9. exd5 Nxd5 10. Nxe5 Nxe5 11. Rxe5 c6 12. d4 Bd6 13. f4 Bxe5 14. fxe5 Bf5
15. Qf3 Bg6 16. Nd2 f6 17. Qg4 Qc8 18. Qxc8 Raxc8 19. Nf3 Kh8 20. a4 Be4 21.
axb5 Bxf3 22. gxf3 axb5 23. f4 Ra8 24. Rb1 fxe5 25. fxe5 Ra7 26. Bg5 h6 27. Bh4
g5 28. Bg3 Rfa8 29. Kf2 Ra1 30. Rxa1 Rxa1 31. Kf3 Kg7 32. Ke4 Ne7 33. Be6 Kg6
34. b3 Rb1 35. c4 Rxb3 36. d5 cxd5+ 37. cxd5 Rb4+ 38. Kd3 Kg7 39. d6 Nc6 40.
Bd7 Rb3+ 41. Ke4 Rb4+ 42. Kd5 Nxe5 43. Bxe5+ Kf7 44. Be6+ 1-0

[Event "ECC Summer"]
[Site "Edmonton CAN"]
[Date "1996.08.01"]
[Round "5"]
[White "Ottosen, David"]
[Black "Rusnell, Lorne"]
[Result "1-0"]
[WhiteElo "1939"]
[BlackElo "1947"]
[PlyCount "57"]
[EventDate "1996.07.04"]
[EventType "swiss"]
[EventRounds "5"]
[EventCountry "CAN"]

1. c4 e6 2. e4 d5 3. exd5 exd5 4. d4 Nf6 5. Nc3 Be7 6. Nf3 O-O 7. cxd5 Nxd5 8.
Bd3 Be6 9. O-O Nd7 10. Ne4 h6 11. Bd2 c6 12. Rc1 Qb6 13. Qe2 Rfe8 14. Nc3 Nxc3
15. bxc3 Bxa2 16. Bxh6 Bb3 17. Be3 a5 18. Nd2 a4 19. Ne4 Nf6 20. d5 Qa5 21.
Nxf6+ Bxf6 22. Qh5 Qxd5 23. Qh7+ Kf8 24. c4 Qd6 25. Rfe1 Rxe3 26. Qh8+ Ke7 27.
Rxe3+ Be5 28. Qxa8 Kf6 29. Rf3+ 1-0

[Event "Eastern Ontario op"]
[Site "Ottawa CAN"]
[Date "1996.06.15"]
[Round "1"]
[White "Cohen, David"]
[Black "Atwell, Jim"]
[Result "1-0"]
[WhiteElo "1964"]
[BlackElo "1823"]
[PlyCount "89"]
[EventDate "1996.06.15"]
[EventType "swiss"]
[EventRounds "5"]
[EventCountry "CAN"]

1. e4 e5 2. Nf3 Nc6 3. Bb5 a6 4. Ba4 Nf6 5. O-O d6 6. Re1 b5 7. Bb3 Be7 8. h3
Na5 9. c3 Nxb3 10. Qxb3 c5 11. d4 Qc7 12. d5 h6 13. Nbd2 O-O 14. Nf1 Re8 15.
Ng3 Rb8 16. Be3 Bd7 17. Qc2 a5 18. Nh4 Bf8 19. Nhf5 Kh7 20. f4 Qc8 21. fxe5
dxe5 22. Rad1 g6 23. Rf1 Rb7 24. Nxh6 Bxh6 25. Bxh6 Bxh3 26. Rxf6 Bg4 27. Rdf1
Kxh6 28. Rxf7 Rxf7 29. Rxf7 Rf8 30. Qd2+ g5 31. Qf2 Rxf7 32. Qxf7 Qd7 33. Qf6+
Kh7 34. Qxe5 Kg6 35. d6 c4 36. Qd4 Be6 37. e5 g4 38. Ne4 Qc6 39. Nc5 Kf5 40.
Nxe6 Kxe6 41. Kf2 b4 42. Kg3 a4 43. Qxg4+ Kxe5 44. d7 Qb6 45. Qd4+ 1-0